[Event "Landesklasse Ost 2015/2016"]
[Site "?"]
[Date "2015.01.24"]
[Round "9"]
[White "Sunderbrink, Heino"]
[Black "Weiß, Thomas"]
[Result "1-0"]
[WhiteElo "1887"]
[BlackElo "1912"]
[PlyCount "69"]
[EventDate "2016.??.??"]
[WhiteTeam "SV Medizin Erfurt"]
[BlackTeam "SSV Vimaria 91 Weimar"]

1. Nf3 Nf6 2. c4 e6 3. g3 c5 4. Bg2 Nc6 5. O-O d5 6. cxd5 exd5 7. d4 Be7 8. Nc3
O-O 9. dxc5 Bxc5 10. Na4 Be7 11. Be3 Re8 12. h3 Ne4 13. Rc1 Bf6 14. Nd4 Nxg3
15. Nxc6 bxc6 16. Re1 Bd7 17. Bf4 Ne4 18. b3 Bg5 19. e3 Bh4 20. Re2 Qc8 21. Qf1
Re6 22. Nc5 Nxc5 23. Rxc5 Rg6 24. Kh2 Qa6 25. Qd1 Be7 26. Rcc2 Bf5 27. e4 dxe4
28. Bxe4 Bxe4 29. Rxe4 Bf8 30. Rec4 Qb6 31. Qf3 Rc8 32. Bg3 h6 33. Qf5 Rd8 34.
Rg4 Rf6 35. Qxf6 1-0

[Event "Landesklasse Ost 2015/2016"]
[Site "?"]
[Date "2015.01.24"]
[Round "9"]
[White "Anschütz, Mario"]
[Black "Zeuner, Ulrich"]
[Result "1-0"]
[WhiteElo "1868"]
[BlackElo "1930"]
[PlyCount "80"]
[EventDate "2016.??.??"]
[WhiteTeam "SSV Vimaria 91 Weimar"]
[BlackTeam "SV Medizin Erfurt"]

1. d4 Nf6 2. c4 c5 3. e3 g6 4. Nc3 Bg7 5. Bd3 cxd4 6. exd4 d6 7. Nge2 O-O 8.
O-O Nc6 9. Kh1 e5 10. d5 e4 11. Nxe4 Nxe4 12. Bxe4 Ne5 13. Qc2 f5 14. Bd3 Bd7
15. f4 Nxd3 16. Qxd3 Re8 17. Rb1 b5 18. Nc3 bxc4 19. Qxc4 Rb8 20. Bd2 Qa5 21.
b4 Qb6 22. Rf3 Rec8 23. Qe2 a5 24. b5 Qc5 25. a4 Re8 26. Qd3 Re4 27. Nxe4 fxe4
28. Qxe4 Bf5 29. Qe1 Bxb1 30. Qxb1 Re8 31. Bxa5 Ra8 32. Bb4 Qc4 33. Bxd6 Rxa4
34. Be5 Rb4 35. Qd1 Qxb5 36. Rf1 Bxe5 37. fxe5 Rd4 38. Qf3 Qe8 39. e6 g5 40.
Qf6 Rxd5 {ZÜ} 1-0

[Event "Landesklasse Ost 2015/2016"]
[Site "?"]
[Date "2015.01.24"]
[Round "9"]
[White "Fischer, Dennis"]
[Black "Plontke, Ingo"]
[Result "1-0"]
[WhiteElo "1834"]
[BlackElo "1855"]
[PlyCount "67"]
[EventDate "2016.??.??"]
[WhiteTeam "SV Medizin Erfurt"]
[BlackTeam "SSV Vimaria 91 Weimar"]

1. d4 f5 2. Nc3 Nf6 3. Bg5 g6 4. Bxf6 exf6 5. Qd3 d5 6. h4 Nc6 7. h5 g5 8.
O-O-O Be6 9. Qb5 Qd7 10. Qxb7 Rb8 11. Qa6 Rb6 12. Qd3 Nb4 13. Qd2 Nxa2+ 14. Kb1
Nxc3+ 15. Qxc3 Qa4 16. e4 Ba3 17. b3 Bb4 18. Qxc7 Qa5 19. Ne2 Ra6 20. Qxa5 Bxa5
21. Nf4 Rd6 22. Nxe6 Rxe6 23. exd5 Re4 24. Bd3 Rf4 25. f3 Bc3 26. Be2 Rxd4 27.
Rxd4 Bxd4 28. Bb5+ Ke7 29. Re1+ Kd6 30. c4 a5 31. Re6+ Kc5 32. d6 Be5 33. d7
Rd8 34. Rc6+ 1-0

[Event "Landesklasse Ost 2015/2016"]
[Site "?"]
[Date "2015.01.24"]
[Round "9"]
[White "Vogel, Steffen"]
[Black "Rost, Detlef"]
[Result "1/2-1/2"]
[WhiteElo "1803"]
[BlackElo "1847"]
[PlyCount "114"]
[EventDate "2016.??.??"]
[WhiteTeam "SSV Vimaria 91 Weimar"]
[BlackTeam "SV Medizin Erfurt"]

1. d4 d5 2. c4 e6 3. Nc3 Nf6 4. Bg5 Be7 5. e3 O-O 6. Nf3 c6 7. Qc2 Nbd7 8. Rc1
a6 9. a3 dxc4 10. Bxc4 b5 11. Be2 c5 12. dxc5 Nxc5 13. b4 Ncd7 14. O-O Bb7 15.
Rfd1 Qe8 16. Qb3 Rc8 17. a4 bxa4 18. Nxa4 Nd5 19. Nc5 Nxc5 20. bxc5 Rb8 21.
Bxe7 Nxe7 22. Qa3 Nf5 23. Ne5 Bd5 24. c6 Rb3 25. Qxa6 Qc8 26. Qxc8 Rxc8 27. Bc4
Bxc4 28. Rxc4 f6 29. Nf3 Kf8 30. g4 Ne7 31. Nd4 Rb6 32. Nxe6+ Kf7 33. Nd4 Nxc6
34. Nxc6 Rbxc6 35. Rxc6 Rxc6 36. Rd7+ Kg6 37. Kg2 Rc2 38. h4 h6 39. Kg3 Rc3 40.
h5+ Kh7 41. Re7 Kg8 42. Kf4 Kf8 43. Rd7 Rc4+ 44. Rd4 Rc2 45. f3 Rc5 46. e4 Ke7
47. Ke3 Ra5 48. Rd3 Ra4 49. Rb3 Rc4 50. Rb7+ Kf8 51. Rd7 Ra4 52. f4 Ra3+ 53.
Rd3 Ra4 54. Kf3 Ke7 55. e5 fxe5 56. fxe5 Ke6 57. Re3 Rb4 1/2-1/2

[Event "Landesklasse Ost 2015/2016"]
[Site "?"]
[Date "2015.01.24"]
[Round "9"]
[White "Stumm, Rainer"]
[Black "Mitter, Frank"]
[Result "0-1"]
[WhiteElo "1558"]
[BlackElo "1767"]
[PlyCount "80"]
[EventDate "2016.??.??"]
[WhiteTeam "SV Medizin Erfurt"]
[BlackTeam "SSV Vimaria 91 Weimar"]

1. e4 c5 2. d4 cxd4 3. c3 dxc3 4. Nxc3 Nc6 5. Bc4 e6 6. Nf3 d6 7. O-O Be7 8.
Be3 Nf6 9. Qc2 O-O 10. Rad1 e5 11. h3 Be6 12. Nd5 Na5 13. Bb5 Bxd5 14. exd5 a6
15. Be2 Rc8 16. Qb1 Nc4 17. Bd3 g6 18. Bh6 Re8 19. b3 Nb6 20. Be4 Nbd7 21. Nd2
Nxe4 22. Nxe4 f5 23. Ng3 Nf6 24. Rd3 Qd7 25. Bc1 Qb5 26. Rfd1 Qd7 27. Ne2 Ne4
28. Re3 Bg5 29. Rf3 Bxc1 30. Nxc1 Nc3 31. Rxc3 Rxc3 32. Ne2 Rc7 33. Qd3 Rec8
34. g3 Rc2 35. Rd2 Qc7 36. Kf1 Kg7 37. a3 Rxd2 38. Qxd2 Qc2 39. Qxc2 Rxc2 40.
Ke1 Rc5 0-1

[Event "Landesklasse Ost 2015/2016"]
[Site "?"]
[Date "2015.01.24"]
[Round "9"]
[White "Reichardt, Albert"]
[Black "Schelter, Mario"]
[Result "1/2-1/2"]
[WhiteElo "1675"]
[BlackElo "1609"]
[PlyCount "47"]
[EventDate "2016.??.??"]
[WhiteTeam "SSV Vimaria 91 Weimar"]
[BlackTeam "SV Medizin Erfurt"]

1. e4 e5 2. Nf3 Nc6 3. Bb5 a6 4. Ba4 b5 5. Bb3 Nf6 6. Ng5 d5 7. exd5 Nd4 8. d3
Nxb3 9. axb3 Qxd5 10. O-O Bd6 11. Nc3 Qb7 12. Re1 O-O 13. Nce4 Nxe4 14. Rxe4
Bf5 15. Re3 f6 16. Ne4 Bg6 17. Qf3 Qc8 18. Bd2 Qd7 19. b4 f5 20. Nc5 Qc8 21.
Qc6 Be8 22. Qd5+ Bf7 23. Qc6 Be8 24. Qd5+ 1/2-1/2

[Event "Landesklasse Ost 2015/2016"]
[Site "?"]
[Date "2015.01.24"]
[Round "9"]
[White "Makarow, Alexander"]
[Black "Lieke, Arno"]
[Result "0-1"]
[WhiteElo "1678"]
[BlackElo "1641"]
[PlyCount "78"]
[EventDate "2016.??.??"]
[WhiteTeam "SV Medizin Erfurt"]
[BlackTeam "SSV Vimaria 91 Weimar"]

1. e4 c6 2. d4 d5 3. e5 Bf5 4. Nc3 e6 5. Be3 Nd7 6. g4 Bg6 7. Nge2 Qb6 8. Nf4
Qxb2 9. Nxg6 Qxc3+ 10. Bd2 Qxd4 11. Nxh8 Qe4+ 12. Qe2 Qxh1 13. f3 Bc5 14. Rb1
b6 15. c3 Qg1 16. Rb2 Qf2+ 17. Qxf2 Bxf2+ 18. Kxf2 Nxe5 19. Kg3 Nc4 20. Bxc4
dxc4 21. Bf4 f6 22. g5 e5 23. Be3 Ne7 24. Kf2 Nf5 25. Bc1 Ke7 26. a4 Rxh8 27.
a5 b5 28. a6 Rd8 29. Rd2 Rd5 30. Ba3+ Ke6 31. Rxd5 Kxd5 32. gxf6 gxf6 33. Bc1
c5 34. f4 e4 35. Bd2 e3+ 36. Bxe3 Nxe3 37. Kxe3 b4 38. h4 b3 39. Kd2 Ke4 0-1

[Event "Landesklasse Ost 2015/2016"]
[Site "?"]
[Date "2015.01.24"]
[Round "9"]
[White "Splittgerber, Frank"]
[Black "Stockum, René"]
[Result "1-0"]
[WhiteElo "1804"]
[BlackElo "1659"]
[PlyCount "97"]
[EventDate "2016.??.??"]
[WhiteTeam "SSV Vimaria 91 Weimar"]
[BlackTeam "SV Medizin Erfurt"]

1. c4 Nf6 2. Nc3 e6 3. e4 d6 4. d4 Nbd7 5. Nf3 c5 6. d5 exd5 7. cxd5 a6 8. a4
Be7 9. Be2 O-O 10. O-O Ng4 11. Nd2 Nde5 12. h3 Nh6 13. f4 Ng6 14. Nc4 Bf6 15.
Be3 Re8 16. Bd3 Rb8 17. a5 Qe7 18. e5 dxe5 19. d6 Qd8 20. Bxg6 hxg6 21. Bxc5
exf4 22. Bb6 Qd7 23. Ba7 Qc6 24. Bxb8 Bxh3 25. Qd5 Qxd5 26. Nxd5 Bd4+ 27. Kh2
Be6 28. Rxf4 Ng4+ 29. Kg3 Ne3 30. Ne7+ Kf8 31. Rxd4 Nxc4 32. d7 Rd8 33. Nc8
Rxd7 34. Rxd7 Bxd7 35. Nb6 Nxb6 36. axb6 Bc6 37. Re1 g5 38. Bd6+ Kg8 39. Re7 g6
40. Kg4 Bxg2 41. Kxg5 Kg7 42. Be5+ Kf8 43. Kf6 Bd5 44. Bd6 Kg8 45. Re8+ Kh7 46.
Be5 Bc4 47. Kg5 f6+ 48. Bxf6 Bg8 49. Re7+ 1-0

[Event "Landesklasse Ost 2015/2016"]
[Site "?"]
[Date "2015.01.24"]
[Round "9"]
[White "Renner, Wolfgang"]
[Black "Sauer, Marko"]
[Result "0-1"]
[WhiteElo "1689"]
[BlackElo "2054"]
[PlyCount "56"]
[EventDate "2016.??.??"]
[WhiteTeam "SV Empor Erfurt"]
[BlackTeam "SG Arnstadt-Stadtilm"]

1. Nf3 d5 2. d4 c6 3. Bf4 Bf5 4. e3 Qb6 5. b3 Nf6 6. Bd3 Bxd3 7. Qxd3 Nbd7 8.
O-O e6 9. Nbd2 Nh5 10. c4 Nxf4 11. exf4 Be7 12. f5 O-O 13. fxe6 fxe6 14. Rae1
Rf6 15. Ng5 Nf8 16. c5 Qc7 17. Re3 e5 18. Rxe5 Bxc5 19. Rfe1 Bd6 20. Ne6 Qf7
21. Nxf8 Rxf8 22. Nf3 Bxe5 23. dxe5 Rg6 24. Kf1 Qf4 25. Re3 Qg4 26. g3 d4 27.
Qc4+ Kh8 28. Qc5 Rxf3 0-1

[Event "Landesklasse Ost 2015/2016"]
[Site "?"]
[Date "2015.01.24"]
[Round "9"]
[White "Riedel, Erich"]
[Black "Kompe, Jörg"]
[Result "1/2-1/2"]
[WhiteElo "1693"]
[BlackElo "1828"]
[PlyCount "45"]
[EventDate "2016.??.??"]
[WhiteTeam "SG Arnstadt-Stadtilm"]
[BlackTeam "SV Empor Erfurt"]

1. Nc3 d5 2. d4 Nf6 3. g3 g6 4. Bg2 Bg7 5. Nf3 O-O 6. e3 c6 7. O-O Nbd7 8. b3
Re8 9. Bb2 e5 10. dxe5 Ng4 11. h3 Ngxe5 12. Rb1 Nxf3+ 13. Bxf3 Nf6 14. Bg2 Qe7
15. Ne2 Ne4 16. Bxg7 Kxg7 17. Qd4+ Qf6 18. Qxf6+ Kxf6 19. Rfd1 Ng5 20. Kh2 Ne4
21. Kg1 Ng5 22. Kh2 Ne4 23. Kg1 1/2-1/2

[Event "Landesklasse Ost 2015/2016"]
[Site "?"]
[Date "2015.01.24"]
[Round "9"]
[White "Wahlicht, Mike"]
[Black "Jank, Kevin"]
[Result "1/2-1/2"]
[WhiteElo "1731"]
[BlackElo "1728"]
[PlyCount "54"]
[EventDate "2016.??.??"]
[WhiteTeam "SV Empor Erfurt"]
[BlackTeam "SG Arnstadt-Stadtilm"]

1. e4 e5 2. Nf3 Nc6 3. d4 exd4 4. Nxd4 Bc5 5. Nxc6 Qf6 6. Qf3 Qxf3 7. gxf3 bxc6
8. Be3 Bxe3 9. fxe3 Ne7 10. Rg1 O-O 11. Nd2 f5 12. e5 f4 13. Bc4+ Kh8 14. exf4
Ng6 15. O-O-O Rxf4 16. Rde1 Bb7 17. Bd3 Nf8 18. Re4 Ne6 19. Rg4 Raf8 20. Rb4
Rxg4 21. fxg4 Nc5 22. Rd4 Rd8 23. h4 g6 24. Bf1 d5 25. exd6 cxd6 26. Bg2 d5 27.
Rb4 Re8 1/2-1/2

[Event "Landesklasse Ost 2015/2016"]
[Site "?"]
[Date "2015.01.24"]
[Round "9"]
[White "Schumacher, Andreas"]
[Black "Ulrich, Thomas"]
[Result "1/2-1/2"]
[WhiteElo "1732"]
[BlackElo "1467"]
[PlyCount "117"]
[EventDate "2016.??.??"]
[WhiteTeam "SG Arnstadt-Stadtilm"]
[BlackTeam "SV Empor Erfurt"]

1. d4 Nf6 2. c4 g6 3. Nc3 Bg7 4. e4 d6 5. Nf3 O-O 6. Be2 Nbd7 7. O-O e5 8. d5
Nc5 9. Nd2 a5 10. a3 Bd7 11. Rb1 a4 12. Qc2 c6 13. b4 axb3 14. Nxb3 cxd5 15.
Nxc5 dxc5 16. cxd5 Qc7 17. Qb3 Rfb8 18. f3 Ne8 19. Nb5 Bxb5 20. Bxb5 Nd6 21.
Be3 Nxb5 22. Qxb5 b6 23. Rb3 Ra5 24. Qc4 Rba8 25. Ra1 Bf8 26. Bd2 Ra4 27. Qb5
c4 28. Rc3 Qc5+ 29. Qxc5 Bxc5+ 30. Kf1 Bxa3 31. Rb1 Bb4 32. Rc2 Bxd2 33. Rxd2
Ra1 34. Rdb2 Rxb1+ 35. Rxb1 Ra6 36. Ke1 Kf8 37. Kd2 Ra2+ 38. Kc3 Rxg2 39. Kxc4
Rf2 40. Rb3 Rxh2 41. Kb5 Rc2 42. Kxb6 Ke7 43. Ra3 Kd6 44. Kb5 h5 45. Ra6+ Kd7
46. Ra7+ Rc7 47. Ra1 g5 48. Rg1 Rc3 49. Rxg5 Rxf3 50. Rxh5 Rf4 51. Rh7 Kd6 52.
Rh8 Rxe4 53. Rd8+ Ke7 54. Ra8 Rd4 55. Kc5 Rd1 56. Ra7+ Ke8 57. Ra8+ Ke7 58.
Ra7+ Ke8 59. Ra8+ 1/2-1/2

[Event "Landesklasse Ost 2015/2016"]
[Site "?"]
[Date "2015.01.24"]
[Round "9"]
[White "Mattner, Uwe"]
[Black "Rudolf, Robby"]
[Result "1/2-1/2"]
[WhiteElo "1578"]
[BlackElo "1501"]
[PlyCount "92"]
[EventDate "2016.??.??"]
[WhiteTeam "SV Empor Erfurt"]
[BlackTeam "SG Arnstadt-Stadtilm"]

1. d4 d5 2. Nf3 Nf6 3. Bf4 Bf5 4. e3 Nbd7 5. c4 e6 6. Nc3 Bd6 7. Bxd6 cxd6 8.
Qb3 Rb8 9. cxd5 exd5 10. Nxd5 O-O 11. Bc4 Ne4 12. O-O Bg4 13. Rad1 Bxf3 14.
gxf3 Ng5 15. e4 Nh3+ 16. Kh1 Qh4 17. Qe3 Nf6 18. Ne7+ Kh8 19. Nf5 Qh5 20. Nxd6
Ng5 21. Be2 Nh3 22. Rd3 Qh4 23. Nf5 Qf4 24. Ng3 Qh4 25. Nf5 Qf4 26. Qxf4 Nxf4
27. Re3 Rfd8 28. d5 Rbc8 29. Nd4 a6 30. Bd3 Rc5 31. Nb3 Rc7 32. Bb1 g6 33. Ree1
Re7 34. Rc1 N6h5 35. Nd4 Rd6 36. Rc8+ Kg7 37. Rfc1 Rdd7 38. b4 Nh3 39. Kg2
N5f4+ 40. Kf1 Re5 41. Ne2 Nxe2 42. Kxe2 Rdxd5 43. R8c5 Nf4+ 44. Kf1 Rxc5 45.
Rxc5 Rxc5 46. bxc5 Ne6 1/2-1/2

[Event "Landesklasse Ost 2015/2016"]
[Site "?"]
[Date "2015.01.24"]
[Round "9"]
[White "Hoyer, Willy"]
[Black "Aydin, Benjamin"]
[Result "0-1"]
[WhiteElo "1671"]
[BlackElo "1691"]
[PlyCount "46"]
[EventDate "2016.??.??"]
[WhiteTeam "SG Arnstadt-Stadtilm"]
[BlackTeam "SV Empor Erfurt"]

1. d4 d5 2. Nf3 Nf6 3. Bf4 e6 4. e3 Bd6 5. Bxd6 Qxd6 6. Bd3 Nbd7 7. Nbd2 e5 8.
dxe5 Nxe5 9. Nxe5 Qxe5 10. Nf3 Qxb2 11. O-O O-O 12. h3 Qc3 13. Qd2 Qxd2 14.
Nxd2 Re8 15. Rab1 b6 16. c4 dxc4 17. Bxc4 Be6 18. Rfc1 c5 19. a4 Rab8 20. Bxe6
Rxe6 21. Rxc5 Ne4 22. Nxe4 Rxe4 23. Rxb6 axb6 0-1

[Event "Landesklasse Ost 2015/2016"]
[Site "?"]
[Date "2015.01.24"]
[Round "9"]
[White "Quednau, Klaus"]
[Black "Dreuth, Lukas"]
[Result "1-0"]
[WhiteElo "1905"]
[BlackElo "968"]
[PlyCount "57"]
[EventDate "2016.??.??"]
[WhiteTeam "SV Empor Erfurt"]
[BlackTeam "SG Arnstadt-Stadtilm"]

1. d4 d5 2. c4 c6 3. Nc3 Nf6 4. Bg5 Nbd7 5. Nf3 Qc7 6. cxd5 cxd5 7. e3 a6 8.
Bd3 e6 9. O-O Be7 10. Rc1 Qd6 11. a3 O-O 12. Na4 b6 13. Bf4 e5 14. dxe5 Qe6 15.
Nd4 Qg4 16. exf6 Qxd1 17. Rfxd1 Bxf6 18. Bf5 b5 19. Bxd7 Bxd7 20. Nb6 Ra7 21.
Nxd5 Bd8 22. Nc6 Bxc6 23. Rxc6 Bf6 24. Nxf6+ gxf6 25. Bh6 Re8 26. Rxf6 Raa8 27.
Rc6 Red8 28. Rcd6 Rdc8 29. g3 1-0

[Event "Landesklasse Ost 2015/2016"]
[Site "?"]
[Date "2015.01.24"]
[Round "9"]
[White "Kalisch, Michael"]
[Black "Sack, Matthias"]
[Result "1/2-1/2"]
[WhiteElo "2060"]
[BlackElo "1949"]
[PlyCount "36"]
[EventDate "2016.??.??"]
[WhiteTeam "ESV Lok Sömmerda"]
[BlackTeam "SV Hermsdorf"]

1. e4 c5 2. Nc3 Nc6 3. f4 g6 4. Nf3 Bg7 5. Bb5 d6 6. Bxc6+ bxc6 7. d3 e6 8. O-O
Ne7 9. Qe1 O-O 10. Qh4 Rb8 11. e5 d5 12. Na4 c4 13. dxc4 dxc4 14. Nc5 f6 15.
Qe1 fxe5 16. fxe5 Rb5 17. Be3 Nd5 18. Bd4 Nb4 1/2-1/2

[Event "Landesklasse Ost 2015/2016"]
[Site "?"]
[Date "2015.01.24"]
[Round "9"]
[White "Hadlich, Gerald"]
[Black "Kühn, Martin"]
[Result "0-1"]
[WhiteElo "1808"]
[BlackElo "1903"]
[PlyCount "46"]
[EventDate "2016.??.??"]
[WhiteTeam "SV Hermsdorf"]
[BlackTeam "ESV Lok Sömmerda"]

1. e4 e6 2. d4 d5 3. Nd2 Nc6 4. Ngf3 Nf6 5. e5 Nd7 6. Nb3 a5 7. a4 b6 8. Bb5
Na7 9. Bd3 c5 10. c4 Bb7 11. Bf4 cxd4 12. Nbxd4 Bb4+ 13. Kf1 Nc5 14. Be2 O-O
15. h4 Nc6 16. cxd5 Qxd5 17. Nxc6 Qxc6 18. Qc2 Rfd8 19. Bb5 Qd5 20. Ke2 Nxa4
21. Qxa4 Bc6 22. Nd4 Qxd4 23. Be3 Qxb2+ 0-1

[Event "Landesklasse Ost 2015/2016"]
[Site "?"]
[Date "2015.01.24"]
[Round "9"]
[White "Siegemund, Joachim"]
[Black "Schulz, Phillip"]
[Result "1-0"]
[WhiteElo "2012"]
[BlackElo "1680"]
[PlyCount "93"]
[EventDate "2016.??.??"]
[WhiteTeam "ESV Lok Sömmerda"]
[BlackTeam "SV Hermsdorf"]

1. e4 c5 2. Nc3 Nc6 3. f4 g6 4. Nf3 Bg7 5. Bb5 Nd4 6. O-O a6 7. Bd3 d6 8. Nxd4
cxd4 9. Ne2 Nf6 10. Kh1 O-O 11. Nxd4 Nxe4 12. Bxe4 Bxd4 13. Qf3 Rb8 14. c3 Bg7
15. f5 b5 16. d4 b4 17. g4 bxc3 18. bxc3 Qc7 19. Bg5 a5 20. Rf2 Rb5 21. Re1 e6
22. a4 exf5 23. gxf5 Rb8 24. f6 Re8 25. Rc1 Bh8 26. Bd5 Bb7 27. Bxb7 Qxb7 28.
Qxb7 Rxb7 29. Kg2 Re6 30. c4 Re4 31. Rf4 Re2+ 32. Kf3 Rxh2 33. Rg4 Rb3+ 34. Ke4
h6 35. Bf4 Re2+ 36. Kd5 Bxf6 37. Bxh6 Re6 38. Bf4 Kg7 39. Bxd6 Rb6 40. c5 Ra6
41. Rb1 Ra7 42. c6 Ra6 43. Kc5 Bd8 44. d5 Re2 45. c7 Rc2+ 46. Rc4 Bxc7 47. Bxc7
1-0

[Event "Landesklasse Ost 2015/2016"]
[Site "?"]
[Date "2015.01.24"]
[Round "9"]
[White "Bülau, Daniel"]
[Black "Koksch, Robert"]
[Result "1/2-1/2"]
[WhiteElo "1622"]
[BlackElo "1874"]
[PlyCount "22"]
[EventDate "2016.??.??"]
[WhiteTeam "SV Hermsdorf"]
[BlackTeam "ESV Lok Sömmerda"]

1. e4 c6 2. d4 d5 3. exd5 cxd5 4. Bd3 Nc6 5. c3 Nf6 6. Bf4 Bg4 7. Qb3 Qd7 8.
Nd2 e6 9. Ngf3 Bxf3 10. Nxf3 Be7 11. Ne5 Qc8 1/2-1/2

[Event "Landesklasse Ost 2015/2016"]
[Site "?"]
[Date "2015.01.24"]
[Round "9"]
[White "Kirste, Olaf"]
[Black "Pietzsch, Gerhard"]
[Result "0-1"]
[WhiteElo "1934"]
[BlackElo "1846"]
[PlyCount "92"]
[EventDate "2016.??.??"]
[WhiteTeam "ESV Lok Sömmerda"]
[BlackTeam "SV Hermsdorf"]

1. c4 Nf6 2. Nc3 g6 3. e4 d6 4. d4 Bg7 5. f3 O-O 6. Be3 Nc6 7. Qd2 e5 8. Nge2
exd4 9. Nxd4 Nxd4 10. Bxd4 Be6 11. Rd1 a6 12. Be3 Qe7 13. Be2 Rfd8 14. O-O c6
15. Bb6 Rd7 16. Rfe1 d5 17. exd5 cxd5 18. c5 Qf8 19. Bd3 d4 20. Ne4 Bxa2 21.
Qb4 Bd5 22. Nd6 Ne8 23. Nc4 Re7 24. Na5 Rxe1+ 25. Rxe1 f5 26. Bc4 Qf7 27. b3
Nf6 28. Qa4 Bxc4 29. Nxc4 Bf8 30. Ne5 Qd5 31. b4 Re8 32. f4 d3 33. Rd1 Qd4+ 34.
Kh1 Ne4 35. Qa2+ Kh8 36. Nxd3 Nc3 37. Qa1 Bg7 38. Re1 Re4 39. Rxe4 fxe4 40. Ne5
Qxb4 41. Ba5 Qb1+ 42. Qxb1 Nxb1 43. Nf7+ Kg8 44. Nd6 e3 45. Nxb7 Nc3 46. Bxc3
Bxc3 0-1

[Event "Landesklasse Ost 2015/2016"]
[Site "?"]
[Date "2015.01.24"]
[Round "9"]
[White "Baulig, Manuel"]
[Black "Böhnke, Hartmut"]
[Result "1-0"]
[WhiteElo "1710"]
[BlackElo "1756"]
[PlyCount "104"]
[EventDate "2016.??.??"]
[WhiteTeam "SV Hermsdorf"]
[BlackTeam "ESV Lok Sömmerda"]

1. d4 d5 2. Nf3 Bf5 3. Bf4 Nf6 4. e3 e6 5. Bd3 Bxd3 6. Qxd3 c6 7. O-O Be7 8. h3
O-O 9. c4 dxc4 10. Qxc4 Nbd7 11. Nc3 Rc8 12. Qb3 Qb6 13. Qxb6 Nxb6 14. Rac1
Rfd8 15. Ne5 Ne8 16. Ne4 Nd5 17. Bg3 f6 18. Nc4 b6 19. a3 f5 20. Nc3 c5 21. Nb5
a6 22. Na7 Ra8 23. Nc6 Rd7 24. N4e5 Rb7 25. Nxe7+ Nxe7 26. dxc5 bxc5 27. Nd3
Rc8 28. Nxc5 Rxb2 29. Nxa6 Ra8 30. Nc5 Rxa3 31. Nxe6 Rb6 32. Nd4 Ra5 33. Rfd1
Rd5 34. Nf3 Rbb5 35. Ng5 h6 36. Ne6 Kf7 37. Nc7 Rxd1+ 38. Rxd1 Nxc7 39. Bxc7
Rb7 40. Be5 Ng6 41. Bd4 Nf8 42. Ra1 h5 43. Ra5 g6 44. Kh2 Ne6 45. Be5 Rd7 46.
Kg3 Rb7 47. Ra8 Rb6 48. Ra7+ Kg8 49. Rd7 Rb5 50. f4 Nc5 51. Rg7+ Kf8 52. Rxg6
Ne4+ 1-0

[Event "Landesklasse Ost 2015/2016"]
[Site "?"]
[Date "2015.01.24"]
[Round "9"]
[White "Severino, Leonardo"]
[Black "Sperhake, Franz"]
[Result "0-1"]
[WhiteElo "1713"]
[BlackElo "1750"]
[PlyCount "124"]
[EventDate "2016.??.??"]
[WhiteTeam "ESV Lok Sömmerda"]
[BlackTeam "SV Hermsdorf"]

1. Nf3 d5 2. e3 Nf6 3. c4 e6 4. Nc3 Be7 5. b3 O-O 6. Bb2 Nbd7 7. Be2 b6 8. cxd5
exd5 9. O-O Bb7 10. Qc2 Ne4 11. Rfc1 c5 12. d4 Bf6 13. Bd3 Re8 14. Ne2 Rc8 15.
Qd1 Nb8 16. Rc2 Nc6 17. a3 Na5 18. Bb5 Nxb3 19. Bxe8 Nxa1 20. Bxf7+ Kxf7 21.
Bxa1 c4 22. Ne5+ Kg8 23. Nf4 Qd6 24. Qh5 Rf8 25. Bb2 b5 26. f3 Ng5 27. h4 Nf7
28. Ng4 Rd8 29. Nxf6+ Qxf6 30. Bc3 g6 31. Qg4 Bc8 32. Qg3 Bf5 33. Re2 Bc8 34.
Bb4 Bf5 35. Rd2 Rd7 36. Ne2 Qe6 37. Kf2 Nd8 38. Qb8 Kg7 39. Bc5 a6 40. Nf4 Qf7
41. g4 Be6 42. Kg3 Qf6 43. Rh2 Bf7 44. Qc8 Qc6 45. Qb8 Qc7 46. Qa8 Qb7 47. Qxb7
Rxb7 48. Rb2 Nc6 49. Kf2 a5 50. Ke2 b4 51. Kd1 b3 52. Kd2 Na7 53. Ne2 Nb5 54.
a4 Nc7 55. Nc3 Na6 56. Bd6 Be6 57. g5 Rf7 58. Be5+ Kf8 59. f4 Nb4 60. Nb5 Bf5
61. Bd6+ Kg8 62. Nc3 Rd7 0-1

[Event "Landesklasse Ost 2015/2016"]
[Site "?"]
[Date "2015.01.24"]
[Round "9"]
[White "Markowski, Erhard"]
[Black "Weber, Jakob"]
[Result "1-0"]
[WhiteElo "1671"]
[BlackElo "1279"]
[PlyCount "79"]
[EventDate "2016.??.??"]
[WhiteTeam "SV Hermsdorf"]
[BlackTeam "ESV Lok Sömmerda"]

1. c4 e6 2. Nc3 d5 3. e3 Nf6 4. d4 Be7 5. Nf3 O-O 6. Bd2 Nbd7 7. Qb3 c6 8. Bd3
dxc4 9. Bxc4 a6 10. O-O b5 11. Bxe6 Ne5 12. Bxc8 Nxf3+ 13. gxf3 Rxc8 14. Ne2
Re8 15. e4 c5 16. d5 Bd6 17. Bf4 c4 18. Qd1 Bxf4 19. Nxf4 Nxe4 20. fxe4 Qg5+
21. Ng2 Rxe4 22. Qf3 Rd4 23. Rad1 Rxd1 24. Rxd1 Rd8 25. Kh1 Rd6 26. Qf4 Qh5 27.
Ne3 Rd8 28. d6 Qc5 29. Qd4 Qc6+ 30. Qd5 Qd7 31. Nf5 Kh8 32. Qe5 f6 33. Qe4 g6
34. Ne7 Kg7 35. f3 a5 36. Kg2 Kf7 37. Qd5+ Kg7 38. Rd2 Kh6 39. Qf7 f5 40. Ng8+
1-0

[Event "Landesklasse Ost 2015/2016"]
[Site "?"]
[Date "2015.01.17"]
[Round "9"]
[White "Neubauer, Ralf"]
[Black "Schlierf, Andre"]
[Result "0-1"]
[WhiteElo "1854"]
[BlackElo "1859"]
[PlyCount "90"]
[EventDate "2016.??.??"]
[WhiteTeam "SV Schott Jena"]
[BlackTeam "Schachklub Weida"]

1. e4 c5 2. Nf3 Nc6 3. Nc3 e5 4. Bc4 Be7 5. d3 d6 6. Nd5 Nf6 7. O-O Nxd5 8.
exd5 Nb8 9. h3 a6 10. a4 O-O 11. Be3 Kh8 12. Nh2 f5 13. f4 Bf6 14. c3 Nd7 15.
Nf3 Qc7 16. Qd2 Nb6 17. Bb3 c4 18. Bxc4 Nxc4 19. dxc4 Qxc4 20. b3 Qc7 21. fxe5
dxe5 22. g3 e4 23. Bf4 Qxc3 24. Qxc3 Bxc3 25. Rac1 Bf6 26. Nh2 Rd8 27. Rfd1 Bd7
28. Rc7 b5 29. a5 b4 30. Be3 Be5 31. Rb7 Bb5 32. Bb6 Rd7 33. Rxd7 Bxd7 34. d6
Bxg3 35. Nf1 Be5 36. Ne3 h6 37. Nc4 Bc3 38. Be3 Rf8 39. Bd4 Be6 40. Bb6 Rf7 41.
Bc7 Bf6 42. Bb6 g5 43. Bc5 f4 44. Kg2 h5 45. Bxb4 g4 0-1

[Event "Landesklasse Ost 2015/2016"]
[Site "?"]
[Date "2015.01.17"]
[Round "9"]
[White "Künzel, Andre"]
[Black "Richter, Sebastian"]
[Result "1-0"]
[WhiteElo "1867"]
[BlackElo "1761"]
[PlyCount "111"]
[EventDate "2016.??.??"]
[WhiteTeam "Schachklub Weida"]
[BlackTeam "SV Schott Jena"]

1. d4 Nf6 2. Nf3 e6 3. e3 d5 4. Bd3 c5 5. c3 Nbd7 6. Nbd2 b6 7. O-O Bb7 8. Re1
Be7 9. e4 dxe4 10. Nxe4 Nxe4 11. Bxe4 Bxe4 12. Rxe4 Nf6 13. Rh4 Nd7 14. Rh3 Bf6
15. Qd3 g6 16. Bh6 Qc7 17. Rd1 O-O-O 18. Qe4 Qb7 19. Qe2 Kb8 20. Ng5 Bxg5 21.
Bxg5 Rc8 22. dxc5 Rxc5 23. Be7 Rd5 24. Rxd5 Qxd5 25. Rd3 Qc6 26. Qd2 Kc8 27.
Qf4 f5 28. Rd6 Qc7 29. Qf3 Nb8 30. Rxe6 Qd7 31. Qe2 Re8 32. Re3 Kb7 33. Bg5
Rxe3 34. Bxe3 Qe7 35. b3 Nc6 36. Qd2 Qf7 37. h3 Qe6 38. Bf4 a5 39. Kh2 Qf7 40.
Qd6 Qg7 41. Qd2 Qe7 42. a3 Na7 43. b4 axb4 44. cxb4 Nc8 45. Qd5+ Ka7 46. Qc6
Qb7 47. Qxb7+ Kxb7 48. Kg3 b5 49. Kh4 Ne7 50. Kg5 Kc6 51. Kh6 Kd5 52. Kxh7 Kc4
53. Bd6 Nd5 54. Kxg6 Kb3 55. h4 Kxa3 56. h5 1-0

[Event "Landesklasse Ost 2015/2016"]
[Site "?"]
[Date "2015.01.17"]
[Round "9"]
[White "Schulz, Uwe"]
[Black "Schumann, Robert"]
[Result "1-0"]
[WhiteElo "1694"]
[BlackElo "1824"]
[PlyCount "91"]
[EventDate "2016.??.??"]
[WhiteTeam "SV Schott Jena"]
[BlackTeam "Schachklub Weida"]

1. d4 d5 2. c4 e6 3. Nf3 Be7 4. Nc3 Nf6 5. g3 c6 6. Bg2 O-O 7. O-O Nbd7 8. b3
Re8 9. Bb2 Nf8 10. Qc2 Ng6 11. Rac1 Bf8 12. Rfd1 Qe7 13. e3 Bd7 14. Nd2 Rac8
15. Qb1 dxc4 16. Nxc4 b5 17. Ne5 Nxe5 18. dxe5 Nd5 19. Ne4 Qb4 20. Rd4 Qa5 21.
Ng5 g6 22. e4 c5 23. Rd3 Bh6 24. h4 c4 25. bxc4 bxc4 26. Ra3 Qb5 27. exd5 Rb8
28. Rxa7 exd5 29. a4 Qc6 30. Qc2 Bf5 31. Qd2 Bd3 32. Bd4 Rb3 33. Qa5 Be4 34.
Rc7 Qa8 35. Qxa8 Rxa8 36. Bxe4 dxe4 37. R1xc4 Rb1+ 38. Kg2 Rd1 39. Nxf7 Bg7 40.
Be3 Rf8 41. Nh6+ Kh8 42. Rc8 Rd7 43. Rxf8+ Bxf8 44. e6 Re7 45. Bd4+ Rg7 46. Rc8
1-0